000 01129nam0a2200325 4500
001 RU\NLR\bibl\97448
005 20250617082312.0
010 _a5-7024-1016-5
_951000
021 _aRU
_b2000-9260
_9464
035 _a(NLR Aleph) 000095255
090 _a535871
_c535871
100 _a20000712d2000 |||y0rusy50 ca
101 1 _arus
_ceng
102 _aRU
105 _ay |||||||||
200 1 _aА что дальше?
_eРоман
_fЭйлин Колдер
_g[Пер. с англ. Н.П. Мойкина]
210 _aМ.
_cМеждунар. журн. "Панорама"
_d2000
215 _a182, [1] c.
_d17
225 1 _aПанорама романов о любви
311 _aЛит.-худож. прил. к междунар. журн. "Панорама"
422 0 _12001#$aПанорама
_tПанорама
686 _aШ6(4Вл)67-440.4
700 1 _4070
_7ca
_8rus
_aКолдер
_bЭ.
_gЭйлин
_9178119
_3RU\NLR\AUTH\770178170
801 0 _aRU
_bNLR
_c20000712
_gPSBO
801 1 _aRU
_bNLR
_c20000712
852 _aNLR
_j2000-2/952
942 _cBOOK
980 _aNB